El nuevo estado industrial (Registro nro. 4027)
[ vista simple ]
| 000 -LEADER | |
|---|---|
| fixed length control field | 02047 a2200229 4500 |
| 001 - CONTROL NUMBER | |
| control field | 45845 |
| 005 - DATE AND TIME OF LATEST TRANSACTION | |
| control field | 20260407155730.0 |
| 008 - FIXED-LENGTH DATA ELEMENTS--GENERAL INFORMATION | |
| fixed length control field | 260407a1972 arg spa d |
| 003 - CONTROL NUMBER IDENTIFIER | |
| control field | AR-UNSa-BCEJYS |
| 040 ## - CATALOGING SOURCE | |
| Original cataloging agency | AR-UNSa-BCEJYS |
| Language of cataloging | spa |
| Transcribing agency | AR-UNSa-BCEJYS |
| 080 ## - UNIVERSAL DECIMAL CLASSIFICATION NUMBER | |
| Universal Decimal Classification number | 316.324.7 |
| Common auxiliary subdivision | Sociedades industriales |
| 041 ## - LANGUAGE CODE | |
| Language code of text/sound track or separate title | spa |
| 100 1# - MAIN ENTRY--PERSONAL NAME | |
| Personal name | Sacristán, Manuel |
| 245 10 - TITLE STATEMENT | |
| Title | El nuevo estado industrial |
| 250 ## - EDITION STATEMENT | |
| Edition statement | 5a. ed. |
| 264 #1 - PRODUCTION, PUBLICATION, DISTRIBUTION, MANUFACTURE, AND COPYRIGHT NOTICE | |
| Place of production, publication, distribution, manufacture | Barcelona : |
| Name of producer, publisher, distributor, manufacturer | Ariel |
| Date of production, publication, distribution, manufacture, or copyright notice | 1972 |
| 300 ## - PHYSICAL DESCRIPTION | |
| Extent | 503 p. |
| Dimensions | 19 cm. |
| 505 ## - FORMATTED CONTENTS NOTE | |
| Formatted contents note | 1. El cambio y el sistema industrial – 2. Los imperativos de la tecnología – 3. La naturaleza de la planificación industrial – 4. La planificación y la oferta de capitales – 5. Capital y poder – 6. La tecnostructura – 7. La gran sociedad anónima – 8. El empresario y la tecnostructura – 9. Excurso sobre el socialismo – 10. La contradicción aceptada – 11. La teoría general de la motivación – 12. Perspectivas de la motivación – 13. Motivación y tecnostructura – 14. El principio de coherencia – 15. Los objetivos del sistema industrial – 16. Los precios en el sistema industrial – 17. Los precios en el sistema industrial (continuación) – 18. La gestión de la demanda específica – 19. Revisión de una secuencia – 20. La regulación de la demanda agregada – 21. La naturaleza del empleo y del desempleo – 22. El control de la espiral de los precios y salarios – 23. El sistema industrial y el sindicato, I – 24. El sistema industrial y el sindicato, II: el sindicato ministerial – 25. El estamento pedagógico y científico – 26. El sistema industrial y el estado, I – 27. El sistema industrial y el estado, II – 28. Un resumen más – 29. El sistema industrial y la guerra fría – 30. Las demás dimensiones – 31. Las lagunas del plan – 32. Sobre el trabajo – 33. Educación y emancipación – 34. La dirección política – 35. El futuro del sistema industrial - |
| 590 ## - LOCAL NOTE (RLIN) | |
| Local note | niveau_biblio:m niveau_hierar:0 |
| 700 1# - ADDED ENTRY--PERSONAL NAME | |
| Personal name | Galbraith, John Kenneth |
| 942 ## - ADDED ENTRY ELEMENTS (KOHA) | |
| Koha item type | |
| Withdrawn status | Lost status | Damaged status | Not for loan | Home library | Current library | Shelving location | Date acquired | Total checkouts | Full call number | Barcode | Date last seen | Price effective from | Koha item type |
|---|---|---|---|---|---|---|---|---|---|---|---|---|---|
| Biblioteca Prof. Eusebio Cleto del Rey | Biblioteca Prof. Eusebio Cleto del Rey | 07/04/2026 | 316.324.7 G148 5ed. | L26293 | 07/04/2026 | 07/04/2026 | Libro | ||||||
| Biblioteca Prof. Eusebio Cleto del Rey | Biblioteca Prof. Eusebio Cleto del Rey | 07/04/2026 | 316.324.7 G148 5ed. | L26295 | 07/04/2026 | 07/04/2026 | Libro | ||||||
| Biblioteca Prof. Eusebio Cleto del Rey | Biblioteca Prof. Eusebio Cleto del Rey | 07/04/2026 | 316.324.7 G148 5ed. | L26294 | 07/04/2026 | 07/04/2026 | Libro |